000 00439nam a2200157Ia 4500
008 210210b1989 xxu||||| |||| 00| 0 eng d
020 _a81 85364 10 9
082 _a327.095 CHOA
100 _aCHOPRA (V D) and MISRA (K P).
245 _aAsia pacific politico economic convulsions.
260 _aND
_bContinental Publishing House
_c1989
300 _a240
650 _aAsia facific
690 _aInternational Relations
906 _a044196
999 _c93528
_d93528